| 000 | 01922nam a2200397 c 4500 | ||
|---|---|---|---|
| 003 | BLK | ||
| 005 | 20180420225526.0 | ||
| 008 | 180408b bul|||||r ||||||| ||bul|| | ||
| 010 | _aKNG00098629000 | ||
| 020 |
_a978-954-07-2610-6 _bиздат.: Унив. изд. Св. Климент Охридски |
||
| 040 | _aBLK | ||
| 041 |
_aBUL _cBUL |
||
| 072 | 7 |
_2bullib _aН33 _xИкономика Н |
|
| 080 |
_aОбщи въпроси на търговията. Пазар _b339.1 _x:681.324(075.8) _z339.1:681.324(075.8) |
||
| 080 |
_aОрганизация и техника на търговията. Стоки. Обслужване _b658.6 _x:681.324(075.8) _z658.6:681.324(075.8) |
||
| 080 |
_aОрганизация на продажбата _b655.56 _x:681.324(075.8) _z655.56:681.324(075.8) |
||
| 100 | 1 |
_aПавловска, Елена Юлиевна _eпърви автор _9305625 |
|
| 139 |
_aПавловска, Елена Юлиевна _bП 13 |
||
| 245 | 1 | 0 |
_aЕлектронна книготърговия _cЕлена Юлиевна Павловска. |
| 257 | _aBGR | ||
| 260 |
_аСофия _bУнив. изд. Св. Климент Охридски _c2006 |
||
| 300 |
_a252 с. _bс диагр., сх., ил. _c24 см |
||
| 380 | _a3 | ||
| 500 | _aДруги загл. : Электронная книготорговля ; Electronic book commerce. - Съдържа и Кратък терминологичен речник. - Библиогр. с. 239-243 ; Рез. на рус., англ. ез. | ||
| 650 | 4 |
_aИнтернет - приложение _9271476 |
|
| 650 | 4 |
_aКнижна търговия _9299801 |
|
| 653 | _aелектронна търговия | ||
| 653 | _aИнтернет | ||
| 653 | _aучебници за ВУЗ | ||
| 659 | _aН | ||
| 852 | _aЦб 250264 | ||
| 856 | 4 |
_qpdf _u |
|
| 856 | 4 |
_qpdf _u |
|
| 942 |
_cKNG _n0 |
||
| 944 |
_aCR _c11.12.2010 _kМилена_Ачева |
||
| 944 |
_aED _c23.02.2011 _k |
||
| 999 |
_c93819 _d93819 |
||